书目信息 |
| 书名: | Philosophy of Religion | |
| 作者: | by MELVILLE Y.STEWRT. | |
| 分册号: | ||
| 分册名: | 出版地: | PEKING : |
|
| 出版社: | PEKING UNIVERSITY PRESS | |
| 出版时间: | 2005. | |
| 页数: | 653 p. ; | |
| 开本: | 22cm. | |
| 丛书名: | 北京大学西学影印丛书 | |
| 中图分类号: | ||
| 科图分类号: | ||
| 其他分类号: | B920 | |
| 主题词: | ||
| 电子资源: | ||
| 000 | 00560nam 2200205 a 4500 | |
| 001 | E0754986528 | |
| 005 | 20070629152050.40 | |
| 008 | 070629s2005 00010 eng | |
| 020 | @a7-301-09572-4 :@cCNY59.80. | |
| 040 | @aPFT@bchi | |
| 041 | @aeng@bchi | |
| 090 | @aB920 | |
| 099 | @dB920@ex38 | |
| 245 | @aPhilosophy of Religion / @cby MELVILLE Y.STEWRT. | |
| 246 | @a宗教哲学经典选读 | |
| 250 | @a影印版. | |
| 260 | @aPEKING :@bPEKING UNIVERSITY PRESS,@c2005. | |
| 300 | @a653 p. ;@c22cm. | |
| 440 | @a北京大学西学影印丛书 | |
| 700 | @aby STEWRT,MELVILLE Y. | |
| Philosophy of Religion / / by MELVILLE Y.STEWRT.-影印版.-PEKING : : PEKING UNIVERSITY PRESS, , 2005. |
| 653 p. ; ; 22cm.- (北京大学西学影印丛书) |
| ISBN 7-301-09572-4 :CNY59.80. |
| ● |
| 相关链接 |
|
|
|
|
正题名:Philosophy of Religion
索取号:B920/x38
 
预约/预借
| 序号 | 登录号 | 条形码 | 馆藏地/架位号 | 状态 | 备注 |
| 1 | 12090 | 300120900 | 第二样本阅览室/ [索取号:B920/x38] | 在馆 | |
| 2 | 12091 | 300120919 | 第四借阅区/ [索取号:B920/x38] | 在馆 | |
| 3 | 12092 | 300120928 | 第四借阅区/ [索取号:B920/x38] | 在馆 | |
| 4 | 12093 | 300120937 | 第四借阅区/ [索取号:B920/x38] | 在馆 | |
| 5 | 12094 | 300120946 | 第四借阅区/ [索取号:B920/x38] | 在馆 |